000 00919cam a2200265 a 4500
001 4854975
003 ARRUPE
005 20140301020010.0
008 910920s1992 cau b 001 0 eng
010 _a 91076072
020 _a0898703972
040 _aDLC
_cDLC
_dDLC
041 1 _aeng
_hger
050 0 0 _aB29
_b.P5413 1992
100 1 _aPieper, Josef,
_d1904-1997.
_96599
240 1 0 _aVerteidigungsrede für die Philosophie.
_lEnglish
245 1 0 _aIn defense of philosophy :
_bclassical wisdom stands up to modern challenges /
_cJosef Pieper ; translated by Lothar Krauth.
260 _aSan Francisco :
_bIgnatius Press,
_cc1992.
300 _a127 p. ;
_c19 cm.
504 _aIncludes bibliographical references and index.
650 0 _aPhilosophy.
_96600
906 _a7
_bcbc
_corignew
_d3
_eopcn
_f19
_gy-gencatlg
942 _2lcc
_cMONOGRAPH
_02
999 _c119550
_d119550